Effect of chemical fungicide uses on tomato diseases at dey eth-sre ampel agricultural research and development center during wet season,(ប្រសិទ្ធភាពនៃការប្រើប្រាស់ថ្នំាផ្សិតគីមីលើជំងឺនៃដំណាំប៉េងប៉ោះ នៅមណ្ឌលពិសោធន៍ស្រាវជ្រាវ និងអភិវឌ្ឍន៍កសិកម្មដីឥដ្ឋ ស្រែអំពិលនារដូវវស្សា) (Record no. 769)

000 -LEADER
fixed length control field 00892nam a22001577a 4500
003 - CONTROL NUMBER IDENTIFIER
control field OSt
005 - DATE AND TIME OF LATEST TRANSACTION
control field 20150918165333.0
008 - FIXED-LENGTH DATA ELEMENTS--GENERAL INFORMATION
fixed length control field 150918b xxu||||| |||| 00| 0 eng d
040 ## - CATALOGING SOURCE
Transcribing agency RUA
082 ## - DEWEY DECIMAL CLASSIFICATION NUMBER
Classification number AGR LUY 2005 B032 Or.1
100 ## - MAIN ENTRY--PERSONAL NAME
9 (RLIN) 798
Personal name LUY KETTANA
245 ## - TITLE STATEMENT
Title Effect of chemical fungicide uses on tomato diseases at dey eth-sre ampel agricultural research and development center during wet season,(ប្រសិទ្ធភាពនៃការប្រើប្រាស់ថ្នំាផ្សិតគីមីលើជំងឺនៃដំណាំប៉េងប៉ោះ នៅមណ្ឌលពិសោធន៍ស្រាវជ្រាវ និងអភិវឌ្ឍន៍កសិកម្មដីឥដ្ឋ ស្រែអំពិលនារដូវវស្សា)
260 ## - PUBLICATION, DISTRIBUTION, ETC. (IMPRINT)
Place of publication, distribution, etc. phnom penh
Name of publisher, distributor, etc. RUA
Date of publication, distribution, etc. 2005
300 ## - PHYSICAL DESCRIPTION
Extent xii,47p.
Dimensions ill.
Size of unit 29cm.
942 ## - ADDED ENTRY ELEMENTS (KOHA)
Source of classification or shelving scheme
Koha item type AGR
Holdings
Price effective from Date last seen Permanent Location Not for loan Date acquired Source of classification or shelving scheme Koha item type Lost status Withdrawn status Total Renewals Date last checked out Total Checkouts Shelving location Damaged status Barcode Current Location Full call number
2015-09-182025-11-10Library Block B 2015-09-18 AGR   2025-10-1611B032 RUA008443Library Block BAGR LUY 2005 B032 Or.1
2015-09-182017-11-10Library Block B 2015-09-18 AGR   2017-10-241B032 RUA002300Library Block BAGR LUY 2005 B032 Or.2
2015-09-182018-11-12Library Block B 2015-09-18 AGR  12018-10-303B032 RUA002369Library Block BAGR LUY 2005 B032 Or.3
មជ្ឈមណ្ឌលឯការនៃសាកលវិទ្យាល័យភូមិន្ទកសិកម្មចំការដូង

Powered by Koha